Responses for Show #3326 - Monday, February 8, 1999

1999 Tournament of Champions quarterfinal game 1.

Contestants

[<< previous game]

Melizza Zygmunt, a stay-at-home mom from Valparaiso, Indiana

Dan Girard, an artist from Altadena, California

James Arey, a hotel concierge from New Orleans, Louisiana

[next game >>]

Jeopardy! Round responses

VICE PRESIDENTS' TERMS OF SERVICE
(Alex: You identify the vice president.)
THE WORLD SERIES
THE USA TODAY
BRAIN STRAIN
"G" WHIZ!
JIM DANDIES
    $100 2
Lyndon B. Johnson

Dan
    $100 22
Cubs & White Sox

Melizza
    $100 27
Potatoes

Dan
    $100 7
5

Dan
    $100 1
Gander

Dan
    $100 14
Huckleberry Finn

James
    $200 3
John Adams

Dan
    $200 23
Brooklyn Dodgers

Dan
    $200 21
Leonardo DiCaprio

James
    $200 8
checkmate

Melizza
    $200 12
Garbage

Dan
    $200 15
Jim Thorpe

Dan
    $300 4
(J: Who is Rockefeller?)

Gerald Ford

JamesDan
    $300 24
(J: Who are the Expos?)

Toronto Blue Jays

JamesMelizza
    $300 28
Wal-Mart

James
    $300 9
Set

Dan
    $300 13
Grotto

James
    $300 18
The Grapes Of Wrath

Dan
    $400 5
Harry S. Truman

Dan
    $400 25
Yogi Berra

Dan
    $400 29
SAT (Scholastic Aptitude Test)

Melizza
    $400 10
4 (four)

Melizza
    $400 16
Griffin

Dan
    $400 19
Jim Perry

Triple Stumper
    $500 6
John Nance Garner

Dan
    $1,000 26
Bob Gibson

Dan
    $500 30
Evangelical

Dan
    $500 11
(D: What is Mary?)
(M: What is John?)
(J: What is Jesus?)

Mohammed

JamesDanMelizza
Triple Stumper
    $500 17
Gurgle

Dan
    $500 20
Jim Wright

Dan

Scores at the first commercial break (after clue 15):

James Dan Melizza
-$400 $1,900 $100

Scores at the end of the Jeopardy! Round:

James Dan Melizza
-$200 $5,800 $900

Double Jeopardy! Round responses

OUTDATED MAPS
(Alex: That's always fun!)
CELEBRITY BOOKS
LANGUAGES
DREAMERS
4-LETTER WORDS
GYM DANDY
    $200 3
East Germany

Dan
    $200 10
Joan Rivers

Dan
    $200 8
Arabic

James
    $200 1
Joseph

James
    $200 11
Limb

Dan
    $200 26
Rings

James
    $400 4
(J: What is Spain?)

Colombia

JamesDan
    $400 21
Charlton Heston

Dan
    $400 17
Esperanto

James
    $400 2
Robert Louis Stevenson

Dan
    $400 12
Mute

James
    $400 27
Floor exercise

James
    $600 5
East Pakistan

Dan
    $600 9
LeAnn Rimes

Melizza
    $600 18
[Picture of Vaclav Havel]

Czech

Melizza
    $600 23
Snake

Melizza
    $600 13
flow

James
    $600 28
Nadia Comăneci

James
    $800 6
Byelorussia

Melizza
    $800 16
(Alex: He was on our show.)
[Previous game on Friday]

Stephen Collins

Dan
    $1,000 19
(M: What is Welsh?)

Latin

Melizza
    $800 24
Robert Altman

James
    $800 14
Glib

Dan
    $800 29
(James: What is a horse?)
(Alex: Be more specific.)
(James: [No response])

the pommel horse

JamesMelizza
    $1,000 7
(Melizza: What are Cambodia, Laos, Vietnam... [the time's-up signal sounds])
(Alex: You had to divide up Vietnam.)

Cambodia, Laos, North Vietnam & South Vietnam

Melizza
    $1000 22
Penn & Teller

Dan
    $1000 20
Hittite

Triple Stumper
    $1000 25
Alexander The Great

Dan
    $1000 15
Blob

James
    $1000 30
Rhythmic gymnastics

Dan

Scores at the end of the Double Jeopardy! Round:

James Dan Melizza
$3,400 $12,800 $2,300
(lock game)

Final Jeopardy! Round responses

HISTORIC NAMES
MelizzaWho is
$2,300
JamesWho was O'Casey?
$3,400
DanWho was O'Higgins
$2,200
Bernardo O'Higgins

Final scores:

James Dan Melizza
$0 $15,000 $0
2nd place: $2,500 if eliminated Automatic semifinalist 3rd place: $2,500 if eliminated

Game dynamics:

Coryat scores:

James Dan Melizza
$3,400 $12,300 $4,300
14 R,
5 W
31 R
(including 1 DD),
1 W
10 R,
3 W
(including 2 DDs)

Combined Coryat: $20,000

[game clues] [game scores] [suggest correction]

Game tape date: 1999-01-05
The J! Archive is created by fans, for fans. Scraping, republication, monetization, and malicious use prohibited; this site may use cookies and collect identifying information. See terms. The Jeopardy! game show and all elements thereof, including but not limited to copyright and trademark thereto, are the property of Jeopardy Productions, Inc. and are protected under law. This website is not affiliated with, sponsored by, or operated by Jeopardy Productions, Inc. Join the discussion at JBoard.tv.